01208nam a22003135a 4500999001700000003000900017005001700026008004100043020001500084040004300099082002000142100002600162245013900188250002600327264005500353300002800408336002600436337002800462338002700490490002100517600007700538650003800615650003000653651001000683653002700693655002400720942001200744952013800756 c25572d25544EG-ScBUE20210517112015.0171113s2006 ii f 000 0deng d a8175811196 aEG-ScBUEbengerdacEG-ScBUEdEG-ScBUE04a821.89bLAL2221 aLall, Ramji,eauthor.10aGerard Manley Hopkins :ban evaluation of his poetry /cRamji Lall, M.A., formerly principal, Dyal Singh College, University of Delhi. aTwenty-third edition. 1aNew Delhi :bRama Brothers India Pvt. Ltd.,c2006. aix, 237 pages ;c20 cm. 2rdacontentatextbtxt 2rdamediaaunmediatedbn 2rdacarrieravolumebnc0 aStudies in poets17aHopkins, Gerard Manley,d1844-1889xCriticism and interpretation.2BUEsh 7aChristian poetry, English.2BUEsh 7aGod in literature.2BUEsh 2BUEsh bHHUUEENNcNovember2017 vReading book934232 2ddccBB 00102ddc40708AlahramaMAINbMAINc2NDd2017-11-13ePurchaseg30.00l0o821.89 LALp000012193r2025-07-15 00:00:00w2017-11-13yBB